Crítica de la razón cínica (Registro nro. 165368)

Detalles MARC
000 -ENCABEZADO
Número de control [NR] 00936nam a22002537a 4500
008 - DE LONGITUD FIJA DE DATOS DE ELEMENTOS - INFORMACIÓN GENERAL
Elementos de longitud fija [NR] 130821s2007 sp gr spa
020 ## - NUMERO INTERNACIONAL NORMALIZADO PARA LIBROS [R]
Número Internacional Normalizado del libro [NR] 9788478446599
040 ## - FUENTE DE CATALOGACION [NR]
Agencia de catalogación original [NR] Co-BoUCM
Idioma de catalogación [NR] spa
Quien Cataloga
Convenciones de la descripción [NR] spa
Quien Clasifica Aldemar Mondragón
041 00 - CODIGO DE IDIOMA [R]
Código de idioma para texto/pista de sonido o título separado [R] Español
100 1# - ASIENTO PRINCIPAL--NOMBRE PERSONAL [NR]
Nombre personal [NR] Sloterdijk, Peter
Fechas asociadas con el nombre [NR] 1947-
ID Autoridad 28139
245 10 - MENCION DE TITULO [NR]
Título [NR] Crítica de la razón cínica
Mención de responsabilidad, etc. [NR] Peter Sloterdijk ; traducción del alemán de Miguel Ángel Vega
260 ## - PUBLICACION, DISTRIBUCION, ETC. (PIE DE IMPRENTA) [R]
Lugar de publicación, distribución, etc. [R] Madrid (España)
Nombre del editor, distribuidor, etc. [R] [Editorial desconocida]
Fecha de publicación, distribución, etc. [R] 2007
300 ## - DESCRIPCION FISICA [R]
Extensión [R] 786 páginas
490 1# - MENCION DE SERIE [R]
Mención de serie [R] Biblioteca de Ensayo
-- Serie Mayor
Designación numérica/secuencial del volumen [NR] 23
504 ## - NOTA DE BIBLIOGRAFIA, ETC. [R]
Nota de bibliografía, etc. [NR] Incluye referencias bibliográficas
650 #7 - ASIENTO SECUNDARIO DE MATERIA - TERMINO TEMATICO [R]
Término temático o nombre geográfico como elemento de entrada [NR] Cinismo
9 (RLIN) 32159
650 #7 - ASIENTO SECUNDARIO DE MATERIA - TERMINO TEMATICO [R]
Término temático o nombre geográfico como elemento de entrada [NR] Civilización moderna
9 (RLIN) 10986
650 #7 - ASIENTO SECUNDARIO DE MATERIA - TERMINO TEMATICO [R]
Término temático o nombre geográfico como elemento de entrada [NR] Filosofía moderna
9 (RLIN) 15835
690 ## - ASUNTO AGREGADO LOCAL DE ENTRADA - TÉRMINO TEMÁTICO (OCLC, RLIN)
Acceso temático local Filosofía
700 1# - ASIENTO SECUNDARIO - NOMBRE PERSONAL [R]
Nombre personal [NR] Vega Cernuda, Miguel Ángel
Término de relación [R] traductor
9 (RLIN) 32160
765 ## - ASIENTO DE IDIOMA ORIGINAL [R]
Título [NR] Kritik der zynischen vernunft
942 ## - ELEMENTOS DE ENTRADA AGREGADOS (KOHA)
Tipo de ítem principal el descrito en 300a Libro
Tema principal Filosofía
Edición 1
Parte restante de la signatura top. S634c
Sistema de clasificación DEWEY
Clasificación 149
Existencias
Fecha de último préstamo Total préstamos Total Renewals Signatura topográfica Código de barras Última vez visto Ejemplar Price effective from Tipo de ítem Perdido Sistema de clasificación Dañado No prestable Tipo de ítem específico Suprimido Ubicación habitual Ubicación actual Localización Fecha de creación Forma de adquisición Costo
04/05/2023 15 11 149 S634c 100130554 04/03/2026 Ej.1 01/03/2013 Libro   DEWEY     Libro   Claustro Claustro 2do piso 01/03/2013 Compra 142900.00